Největší tajemství Třetí říše : "Ocelové město nacistů" /

Hlavní autor: Kučera, Milan Zacha, 1973-
Jazyk: Čeština
Vydáno: V Ústí nad Labem : AOS, 2013
Vydání: 2. přeprac. a rozš. vyd.
Témata:
Fyzický popis: 265 s. : il. (některé barev.), mapy, plány ; 21 cm
Knihy
Uloženo v:
LEADER 02206cam a2200601 a 4500
001 nkc20132528135
003 CZ PrNK
005 20140310085237.0
007 ta
008 131025s2013 xr abe e 000 0 cze d
015 |a cnb002528135 
020 |a 978-80-87624-14-2  |q (brož.) 
035 |a (OCoLC)870288235 
040 |a OSA001  |b cze  |d ABA001 
043 |a e-pl---  |a e-gx--- 
045 |a x3x4 
072 7 |a 355/359  |x Vojenství. Obrana země. Ozbrojené síly  |2 Konspekt  |9 15 
080 |a 355.4(091)  |2 MRF 
080 |a 69:623  |2 MRF 
080 |a 69.035.4  |2 MRF 
080 |a 355.48(100)"1939/1945"  |2 MRF 
080 |a (430)  |2 MRF 
080 |a (438)  |2 MRF 
080 |a (438-13)  |2 MRF 
080 |a (0:82-96)  |2 MRF 
100 1 |a Kučera, Milan Zacha,  |d 1973-  |7 hka2012731471  |4 aut 
245 1 0 |a Největší tajemství Třetí říše :  |b "Ocelové město nacistů" /  |c Milan Zacha Kučera 
246 1 |i Obálkový podnázev:  |a Soví hory - ocelové město nacistů 
246 3 0 |a Ocelové město nacistů 
250 |a 2. přeprac. a rozš. vyd. 
260 |a V Ústí nad Labem :  |b AOS,  |c 2013 
300 |a 265 s. :  |b il. (některé barev.), mapy, plány ;  |c 21 cm 
504 |a Obsahuje bibliografii 
648 7 |a 1939-1945  |7 ch460653  |2 czenas 
648 4 |a 1943-1945 
650 0 7 |a vojenské dějiny  |7 ph269104  |z Německo  |y 1939-1945  |2 czenas 
650 0 7 |a vojenské stavby  |7 ph316217  |z Polsko  |y 1939-1945  |2 czenas 
650 0 7 |a podzemní prostory  |7 ph124176  |z Polsko  |2 czenas 
650 0 7 |a druhá světová válka (1939-1945)  |7 ph117270  |2 czenas 
650 0 9 |a military history  |z Germany  |y 1939-1945  |2 eczenas 
650 0 9 |a military construction  |z Poland  |y 1939-1945  |2 eczenas 
650 0 9 |a underground areas  |z Poland  |2 eczenas 
650 0 9 |a World War (1939-1945)  |2 eczenas 
653 0 |a Anlage Riese 
655 7 |a literatura faktu  |7 fd132773  |2 czenas 
655 9 |a non-fiction  |2 eczenas 
651 7 |a Soví hory (Polsko)  |7 ge311484  |2 czenas 
651 9 |a Góry Sowie Mountains (Poland)  |2 eczenas 
910 2 |a BOA001  |b 2-1315.846 
990 |a BK 
995 |a 01 
991 |b 201402  |c NOV  |e n 
996 6 |b 2610576686  |c 2-1315.846  |l MZK  |r Sklad / do 1 hodiny  |n 10  |p p.v.  |w 001393909  |u 000010  |a 1  |e BOA001  |j MZK50  |s P